Curiosidades y ejemplos. Libro de lectura para grado medio.

Guardado en:
Detalles Bibliográficos
Autor principal: Hernández, Julio S.
Formato: Libro
Lenguaje:español
Publicado: México, D.F. Fernández Editores, S. A. 1968
Edición:6a. ed.
Catálogo:MANES:  Resultados de Búsqueda del Catálogo
Clasificación de libros de texto:
Etiquetas: Agregar Etiqueta
Sin Etiquetas, Sea el primero en etiquetar este registro!
Añadido a:2018-09-23
Cambiado en:2019-04-29

MARC

LEADER 00000nam a2200000 4500
005 20190429105156.0
008 180924b xxu||||| |||| 00| 0 spa d
040 |a centro_manes   |c universidad_colima 
100 |9 22245  |a Hernández, Julio S. 
245 |a Curiosidades y ejemplos. Libro de lectura para grado medio. 
250 |a 6a. ed. 
260 |a México, D.F.   |b Fernández Editores, S. A.  |c 1968 
300 |a 264 p.  |c 22 cm. 
500 |a Aparece: Francisco Ziga, "Bibliografía Pedagógica. Libros de texto para enseñanza primaria:1850-1970 V. Libros de Lectura" en Boletín del Instituto de Investigaciones Bibliográficas 1981-1982, Biblioteca Nacional, Hemeroteca Nacional, Universidad Nacional Autónoma de México, Nos. 18 - 19,p. 162.  |a  ils. (Serie Continental de Libros de Lectura.)  
691 0 |a PRI 
690 0 |a EyL 
942 |2 ddc  |c BK 
999 |c 51913  |d 51913 
999 |c manes:51913  |d 51913